000 00472pab a2200169 454500
008 180718b1977 xxu||||| |||| 00| 0 eng d
100 _aChowdhary, R.L.
245 _aAssessment of training needs for Indian forest resource managers
260 _c1977
300 _ap.1053-1084.
362 _aOct-Dec
650 _aForest management - India
650 _aTraining - India
650 _aTraining
773 _aIndian Journal of Public Administration
909 _a88253
999 _c88253
_d88253